000 00280nam a22001337a 4500
003 SGT
082 _a615.53
_bP13M
100 _aMADHULIKA
245 _aPAKADARPANA OF NALA
260 _aVARANASI
_bCHAUKHAMBHA PUB
_c2013
300 _a110
650 _aAYURVEDA
942 _2ddc
_cBK
_01
999 _c8361
_d8361